Relatos completos (Registro nro. 44717)

Detalles MARC
000 -ENCABEZADO
Número de control [NR] 00738nam a2200217Ia 4500
008 - DE LONGITUD FIJA DE DATOS DE ELEMENTOS - INFORMACIÓN GENERAL
Elementos de longitud fija [NR] 130821s1994 sp gr spa
020 ## - NUMERO INTERNACIONAL NORMALIZADO PARA LIBROS [R]
Número Internacional Normalizado del libro [NR] 8420632775
040 ## - FUENTE DE CATALOGACION [NR]
Agencia de catalogación original [NR] Co-BoUCM
Idioma de catalogación [NR] spa
041 00 - CODIGO DE IDIOMA [R]
Código de idioma para texto/pista de sonido o título separado [R] Español
084 04 - OTRO NUMERO DE CLASIFICACION [R]
Número clasificador [R] 823.3
Fuente del número [NR] 20
100 1# - ASIENTO PRINCIPAL--NOMBRE PERSONAL [NR]
Nombre personal [NR] Woolf, Virginia
Fechas asociadas con el nombre [NR] 1882-1941
ID Autoridad 59030
245 10 - MENCION DE TITULO [NR]
Título [NR] Relatos completos
Mención de responsabilidad, etc. [NR] Virginia Woolf; versión castellana de Catalina Martínez Muñoz
260 ## - PUBLICACION, DISTRIBUCION, ETC. (PIE DE IMPRENTA) [R]
Lugar de publicación, distribución, etc. [R] Madrid (España)
Nombre del editor, distribuidor, etc. [R] Alianza Editorial
Fecha de publicación, distribución, etc. [R] 1994
300 ## - DESCRIPCION FISICA [R]
Extensión [R] 416 páginas
490 ## - MENCION DE SERIE [R]
Mención de serie [R] Alianza tres
Designación numérica/secuencial del volumen [NR] 277.
650 04 - ASIENTO SECUNDARIO DE MATERIA - TERMINO TEMATICO [R]
Término temático o nombre geográfico como elemento de entrada [NR] Ensayos ingleses
9 (RLIN) 14568
650 04 - ASIENTO SECUNDARIO DE MATERIA - TERMINO TEMATICO [R]
Término temático o nombre geográfico como elemento de entrada [NR] Literatura inglesa
9 (RLIN) 272
700 1# - ASIENTO SECUNDARIO - NOMBRE PERSONAL [R]
Nombre personal [NR] Martinez Muñoz, Catalina.
Término de relación [R]
9 (RLIN) 131265
765 14 - ASIENTO DE IDIOMA ORIGINAL [R]
Título [NR] The complete shorter fiction.
942 ## - ELEMENTOS DE ENTRADA AGREGADOS (KOHA)
Tipo de ítem principal el descrito en 300a Libro
Tema principal Literatura
Edición 1
Parte restante de la signatura top. W913r
Sistema de clasificación DEWEY
Clasificación 823.3
Existencias
Fecha de último préstamo Total préstamos Total Renewals Signatura topográfica Código de barras Última vez visto Ejemplar Price effective from Tipo de ítem Perdido Sistema de clasificación Dañado No prestable Tipo de ítem específico Suprimido Ubicación habitual Ubicación actual Localización Fecha de creación Forma de adquisición Costo
28/02/2025 25 5 823.3 W913r 100070614 09/12/2025 Ej.1 03/02/2013 Libro   DEWEY     Libro   Claustro Claustro 2do piso 28/02/2004 Compra 126900.00